000 01201cam a2200349 i 4500
001 339
003 BD-DhEWU
005 20140615202303.0
008 800110s1980 nyua g b 001 0 eng d
010 _a80000173
020 _a0471083356
020 _a0471059056
020 _a9780471059059
035 _a(OCoLC)5946421
040 _aDLC
_cDLC
_dDLC
_dBD-DhEWU
_beng
041 _aeng
050 0 0 _aT60.4
_b.B39 1980
082 0 4 _a658.5'42
_222
_bBAM 1980
100 1 _aBarnes, Ralph Mosser,
_d1900-
_912042
245 1 0 _aMotion and time study :
_bdesign and measurement of work /
_cRalph M. Barnes.
250 _a7th ed.
260 _aNew York :
_bWiley,
_cc1980.
300 _axi, 689 p. :
_bill. ;
_c24 cm.
500 _aOnline version: Barnes, Ralph Mosser, 1900- Motion and time study. New York : Wiley, c1980 (OCoLC)557472527
504 _aInculudes bibliographical references and index.
526 _aEnglish
590 _aSaifun Momota
650 0 _aMotion study.
_912043
650 0 _aTime study.
_912044
856 _3WorldCat details
_uhttp://www.worldcat.org/title/motion-and-time-study-design-and-measurement-of-work/oclc/5946421&referer=brief_results
942 _2ddc
_cTEXT
999 _c339
_d339